000 01037nam a22002537c 4500
001 000030455
003 RuMoIPM
005 20260430115422.0
008 240112b1968 ru ||||| |||| 00| 0 rus d
035 _a(RuMoBEN) 002223284
040 _aRuMoBEN
_brus
_ercr
041 _arus
_hhun
044 _aru
080 _a51(0.062)
100 _aПетер, Роза
245 _aИгра с бесконечностью
_bматематика для нематематиков
_cР. Петер ; пер. с венг. В. М. Боцу [и др.] ; под ред. Б. Л. Лаптева
260 _aМосква
_bПросвещение
_c1968
300 _a270, [2] с.
_bил.
490 0 _aМатематическое просвещение
500 _aПер. изд.: Das Spiel mit dem Unendlichen : Mathematk für Auβenstehende / von Rozsa Peter. - 3. Aufl. Leipzig : Teubner, 1963
504 _aБиблиогр. в подстроч. примеч.
700 1 _aЛаптев, Борис Лукич
_eред.
942 _cBK
999 _c30455
_d30455